000 01481nab a2200217 i 4500
001 768714001
003 CO-MdFUSB
005 20240531062756.0
008 240508t1967 sp ||||| |||| 00| 0 spa d
040 _bspa
_cCO-MdFUSB
_dCO-MdFUSB
041 _aspa
100 _aPost, Regnerus,
_eautor
245 3 _aLa Iglesia en vísperas de la Reforma
_c/ Regnerus Post
520 _aUna necesidad real de reforma en la iglesia medieval tardía fue motivada por los numerosos abusos, la falta de claridad en la doctrina y la energía religiosa que habían estado presentes antes de la Reforma. Finalmente, el Concilio de Trento trajo no sólo importantes decisiones dogmáticas, sino también medidas para mejorar la actividad pastoral y la vida del clero y los laicos. Aquí, sin embargo, fue difícil eliminar los privilegios de grupos especiales, como los cánones, porque la sociedad se basaba enteramente en privilegios. En muchos lugares hubo fuertes reacciones conservadoras. Todo esto significa que la iglesia debe examinarse y reconciliarse constantemente según los ideales cristianos de una determinada época.
650 0 _aHistoria de la Iglesia
_9153
650 7 _aCristianismo
_2
_922
653 _aReformas de la Iglesia
773 0 _049450
_982587
_oR2517
_tRevista internacional de teología Concilium
_w(CO-MdFUSB)8
_x0210-1041
_gNúmero 27, (julio - agosto, 1967), páginas: 61 - 75
_qpágina: 61
942 _cANA
945 _aCatherine Arias Alvarez - Practicante SENA
999 _c69588
_d69588